|
|
|
|
| LEADER |
00000nta a2200000 i 4500 |
| 001 |
dolg26939 |
| 005 |
20201124074332.0 |
| 008 |
201124suuuu hu om 000 hun d |
| 040 |
|
|
|a BGE Dolgozattár Repozitórium
|b hun
|
| 041 |
|
|
|a hu
|
| 100 |
1 |
|
|a Szentgyörgyvölgyi Éva
|
| 245 |
1 |
3 |
|a Az Eurovíziós Dalfesztivál, mint megarendezvény lebonyolítása és szerepe a nemzetközi kapcsolatokban
|c Szentgyörgyvölgyi Éva
|h [elektronikus dokumentum]
|
| 695 |
|
|
|a Eurovíziós Dalfesztivál
|
| 695 |
|
|
|a Kulturális diplomácia
|
| 700 |
1 |
|
|a Nincs adat Nincs adat
|e ths
|
| 856 |
4 |
0 |
|u http://dolgozattar.uni-bge.hu/26939/1/D_14649.pdf
|z Dokumentum-elérés
|